000 00850nam a22002055i 4500
001 174397
003 ES-MaACL
005 20250831063042.0
008 100414s1812 sp |||| | spa d
080 _a946.0"1808/1814"(093)
100 1 _aBallesteros López, Francisco,
_d1770-1833
_9125789
245 1 0 _aTercera y quarta [sic] representaciones hechas a la regencia del reino /
_cpor ... Francisco Vallesteros.
260 _a[Cádiz :
_bs.n.,
_c1812] (
_fImpr. Patriótica)
300 _a[4] p. ;
_c21 cm.
593 _aDatos de publicación tomados de final del texto.
594 _aAutor y título tomado del principio del texto, sin portada.
651 4 _aEspaña-
_xHistoria-
_y1808-1814, Guerra de la Independencia-
_vFuentes.
_9142504
852 _aES-MaACL
_jR-3308(4)
_z.- Encuadernado con otras obras
999 _c174397
_d174397